000 00445nam a22001337a 4500
020 _a9781633691780
040 _cNUST
082 _a658 CHR
100 _aChristensen, Clayton M
_9103941
245 _aThe Innovator's Dilemma:
_bWhen New Technologies Cause Great Firms To Fail
260 _aBoston:
_bHarvard Business Review Press,
_c2016.
650 _aCreative Ability in Business.The Innovator's Dilemma.NUSTTB2022
_9104117
942 _2ddc
_cBK
999 _c592565
_d592565